000 00738nam a2200289Ia 4500
005 20260324132937.0
008 008 260324s9999 xx 000 0 eng d
020 _a9781315272580
037 _aEBOOK
040 _aCRL
040 _beng
040 _cCRL
041 _2eng
041 _aeng
084 _qCRL
100 _aIain W. Stewart; George W. Gray; John W. Goodby
_91191204
245 4 _aThe Static and Dynamic Continuum Theory of Liquid Crystals
245 2 _bA Mathematical Introduction
260 _bTaylor and Francis
260 _c2004
365 _a
365 _b480
856 _uhttp://www.taylorfrancis.com/books/9781315272580
942 _cEBOOK
999 _c1789781
_d1789781